00498nam a2200085Ia 4500008004100000245002900041300027500070650001300345856005400358170517s9999 xx 000 0 und d 4aThe Secret Life of Chaos aChaos theory has a bad name, conjuring up images of unpredictable weather, economic crashes and science gone wrong. But there is a fascinating and hidden side to Chaos, one that scientists are only now beginning to understand. It turns out that chaos theory answers a... xScience. uhttp://topdocumentaryfilms.com/secret-life-chaos/